banner-ar

حقوق الانسان فى الوطن العربى : (Record no. 60177)

MARC details
000 -الفاتح
حقل البيانات ثابتة الطول 00975nam a22002177a 4500
005 - وقت وتاريخ اخر تعامل مع التسجيلة
رقم الضبط 20240530110356.0
008 - عناصر البيانات ثابتة الطول - معلومات عامة
حقل البيانات ثابتة الطول 141022s2010 ua gr 001 0 ara d
020 ## - الرقم الدولى المعيارى للكتب
الرقم الدولى المعيارى للكتاب 9789953823225
040 ## - مصدر الفهرسة
وكالة الفهرسة الأصلية EG-CaGPL
082 04 - رقم تصنيف ديوى العشرى
رقم الطبعة 21
رقم التصنيف 323.153\
رقم المادة م ح
110 0# - المدخل الرئيسى - إسم هيئة
اسم الهيئة أو اسم السلطة كمدخل المنظمة العربية لحقوق الانسان
245 1# - بيان العنوان
العنوان حقوق الانسان فى الوطن العربى :
بقية العنوان تقرير المنظمة العربية لحقوق الانسان عن حالة حقوق الانسان فى الوطن العربى /
بيان المسئوليه,etc المنظمة العربية لحقوق الانسان
250 ## - بيان الطبعة
بيان الطبعة ط1
260 ## - PUBLICATION, DISTRIBUTION, ETC. (IMPRINT)
تاريخ النشر أو التوزيع 2010
300 ## - الوصف المادى
التعداد 287 ص ؛
أبعاد الوعاء 24 سم
650 04 - المدخل الاضافى بالموضوع-مصطلح موضوعى
مصطلح موضوعي حقوق الانسان
التقسيم الفرعي الجغرافي العالم العربى
650 04 - المدخل الاضافى بالموضوع-مصطلح موضوعى
مصطلح موضوعي الحقوق السياسية
650 04 - المدخل الاضافى بالموضوع-مصطلح موضوعى
مصطلح موضوعي الحقوق المدنية
942 ## - عناصر المدخل الإضافي( كوها)
مصدر التصنيف او مخطط الترفيف Dewey Decimal Classification
Koha [default] item type كتاب
260 ## - PUBLICATION, DISTRIBUTION, ETC. (IMPRINT)
-- بيروت :
-- مركز دراسات الوحدة العربية ،
Holdings
حالة التراجع حالة الفقد حالة تلف ليس للاعارة المكان المؤقت الموقع الحالى تاريخ الاكتساب اجمالي اﻻعارات رقم الطلب الباركود تاريخ اخر مشاهدة تاريخ تفعيل السعر نوع وعاء كوها
        مكتبة القاهرة الكبرى مكتبة القاهرة الكبرى 01/11/2015   323.153\ م ح 159175 01/11/2015 01/11/2015 كتاب
        مكتبة القاهرة الكبرى مكتبة القاهرة الكبرى 02/19/2022   323.153\ م ح 167409 02/19/2022 02/19/2022 كتاب
        مكتبة القاهرة الكبرى مكتبة القاهرة الكبرى 02/22/2022   323.153\ م ح 167473 02/22/2022 02/22/2022 كتاب

Powered By

EGPV